[Event "Catalan Youth-ch 2020"]
[Site "Salou"]
[Date "2020.09.07"]
[Round "5.7"]
[White "Jove Albaiges, Guillem"]
[Black "Mompel Ferruz, Xavier"]
[Result "0-1"]
[WhiteElo "1491"]
[BlackElo "1505"]
[Annotator "NA"]
[PlyCount "52"]
[EventDate "2020.09.07"]
[EventType "swiss"]
[EventCountry "ESP"]
[SourceTitle "playchess.com"]
[Source "ChessBase"]
[SourceQuality "1"]
[TimeControl "5400+30"]

1. d4 {[%emt 0:00:00]} d5 {[%emt 0:00:13]} 2. c4 {[%emt 0:00:00]} c6 {[%emt 0:00:35]} 3. Nf3 {[%emt 0:00:06]} Nf6 {[%emt 0:00:41]} 4. cxd5 {[%emt 0:00:23]} cxd5 {[%emt 0:00:25]} 5. Bf4 {[%emt 0:00:38]} Nc6 {[%emt 0:02:31]} 6. Nc3 {[%emt 0:01:37]} Bf5 {[%emt 0:01:34]} 7. Qb3 {[%emt 0:04:20]} Qb6 {[%emt 0:20:22]} 8. Qxb6 {[%emt 0:00:27]} axb6 {[%emt 0:00:06]} 9. Nb5 {[%emt 0:16:05]} Kd7 {[%emt 0:00:00]} 10. a3 {[%emt 0:15:56]} e6 {[%emt 0:00:30]} 11. e3 {[%emt 0:01:16]} Bb4+ 12. Ke2 {[%emt 0:11:17]} Ra5 {[%emt 0:01:28]} 13. Nc3 {[%emt 0:01:25]} Bxc3 {[%emt 0:00:15]} 14. bxc3 {[%emt 0:04:16]} Rha8 15. g4 {[%emt 0:01:49]} Bxg4 16. Bg2 {[%emt 0:01:22]} Rxa3 17. Rxa3 {[%emt 0:01:29]} Rxa3 {[%emt 0:01:06]} 18. Rb1 {[%emt 0:00:42]} Rxc3 {[%emt 0:04:25]} 19. Rxb6 {[%emt 0:02:22]} Rc2+ {[%emt 0:00:14]} 20. Kf1 {[%emt 0:00:35]} Kc8 {[%emt 0:03:29]} 21. e4 {[%emt 0:03:17]} dxe4 {[%emt 0:00:13]} 22. Ng5 {[%emt 0:02:15]} Nd5 {[%emt 0:03:14]} 23. Rb1 {[%emt 0:00:34]} Nxf4 {[%emt 0:00:32]} 24. Bxe4 {[%emt 0:00:00]} Rd2 25. Nxf7 {[%emt 0:04:05]} Rxd4 {[%emt 0:02:29]} 26. Rc1 {[%emt 0:00:16]} Bh3+ {[%emt 0:00:41]} 0-1

[Event "Catalan Youth-ch 2020"]
[Site "Salou"]
[Date "2020.09.07"]
[Round "5.8"]
[White "Prats Safont, Sergi"]
[Black "Pueyo Amoros, Pau"]
[Result "1-0"]
[WhiteElo "2103"]
[BlackElo "1784"]
[Annotator "NA"]
[PlyCount "37"]
[EventDate "2020.09.07"]
[EventType "swiss"]
[EventCountry "ESP"]
[SourceTitle "playchess.com"]
[Source "ChessBase"]
[SourceQuality "1"]
[TimeControl "5400+30"]

1. e4 {[%emt 0:00:02]} c5 {[%emt 0:00:08]} 2. Nf3 {[%emt 0:00:06]} e6 {[%emt 0:00:16]} 3. d4 {[%emt 0:00:11]} cxd4 {[%emt 0:00:17]} 4. Nxd4 {[%emt 0:00:06]} a6 {[%emt 0:00:24]} 5. c4 {[%emt 0:00:31]} Nf6 {[%emt 0:00:23]} 6. Nc3 {[%emt 0:00:06]} Qc7 {[%emt 0:00:12]} 7. a3 {[%emt 0:00:36]} Bd6 {[%emt 0:01:53]} 8. h3 {[%emt 0:03:17]} O-O {[%emt 0:01:34]} 9. Be3 {[%emt 0:00:55]} Rd8 {[%emt 0:02:26]} 10. Be2 {[%emt 0:02:50]} Nc6 {[%emt 0:00:43]} 11. O-O {[%emt 0:04:42]} Bh2+ {[%emt 0:00:36]} 12. Kh1 {[%emt 0:00:07]} Bf4 {[%emt 0:00:09]} 13. Nc2 {[%emt 0:07:44]} b6 {[%emt 0:05:11]} 14. Qd2 {[%emt 0:03:24]} Bxe3 {[%emt 0:00:58]} 15. Qxe3 {[%emt 0:00:34]} d5 {[%emt 0:04:05]} 16. cxd5 {[%emt 0:03:22]} exd5 {[%emt 0:00:22]} 17. exd5 {[%emt 0:00:08]} Nxd5 {[%emt 0:00:20]} 18. Nxd5 {[%emt 0:00:09]} Rxd5 {[%emt 0:00:18]} 19. Qe8# {[%emt 0:00:50]} 1-0

[Event "Catalan Youth-ch 2020"]
[Site "Salou"]
[Date "2020.09.07"]
[Round "5.8"]
[White "Lazaro del Arco, Martina"]
[Black "Prada Villagrasa, Pau Manel"]
[Result "0-1"]
[WhiteElo "1255"]
[BlackElo "1573"]
[Annotator "NA"]
[PlyCount "88"]
[EventDate "2020.09.07"]
[EventType "swiss"]
[EventCountry "ESP"]
[SourceTitle "playchess.com"]
[Source "ChessBase"]
[SourceQuality "1"]
[TimeControl "5400+30"]

1. d4 {[%emt 0:00:00]} Nf6 {[%emt 0:00:00]} 2. Nf3 {[%emt 0:01:05]} g6 {[%emt 0:00:55]} 3. Bf4 {[%emt 0:01:59]} Bg7 {[%emt 0:00:36]} 4. e3 {[%emt 0:01:08]} d6 {[%emt 0:06:50]} 5. h3 {[%emt 0:06:08]} O-O {[%emt 0:00:00]} 6. Bd3 {[%emt 0:03:25]} Nbd7 {[%emt 0:00:00]} 7. O-O {[%emt 0:03:17]} Re8 {[%emt 0:07:25]} 8. Bh2 {[%emt 0:07:58]} b6 {[%emt 0:00:00]} 9. c4 {[%emt 0:04:24]} c5 {[%emt 0:06:55]} 10. d5 {[%emt 0:05:57]} Bb7 {[%emt 0:00:00]} 11. Nc3 {[%emt 0:04:46]} Nb8 {[%emt 0:05:29]} 12. Rc1 {[%emt 0:01:26]} e5 {[%emt 0:00:00]} 13. e4 {[%emt 0:02:59]} a6 {[%emt 0:03:31]} 14. b3 {[%emt 0:05:45]} Nh5 {[%emt 0:02:02]} 15. Ne2 {[%emt 0:03:11]} f5 {[%emt 0:07:30]} 16. Nc3 {[%emt 0:02:25]} f4 {[%emt 0:05:45]} 17. Qc2 {[%emt 0:04:12]} h6 {[%emt 0:06:39]} 18. Na4 {[%emt 0:02:08]} g5 {[%emt 0:00:00]} 19. Rfd1 {[%emt 0:15:26]} Bc8 {[%emt 0:05:58]} 20. Be2 {[%emt 0:03:24]} Nf6 {[%emt 0:04:30]} 21. Kh1 {[%emt 0:03:06]} Nh7 {[%emt 0:00:00]} 22. Ng1 {[%emt 0:00:55]} Nf6 {[%emt 0:01:18]} 23. g4 {[%emt 0:03:15]} Bd7 {[%emt 0:00:00]} 24. Nc3 {[%emt 0:01:19]} Rf8 {[%emt 0:00:00]} 25. f3 {[%emt 0:00:00]} h5 {[%emt 0:03:25]} 26. Rf1 {[%emt 0:02:20]} Qe8 {[%emt 0:00:00]} 27. Rf2 {[%emt 0:02:37]} b5 {[%emt 0:00:46]} 28. Rb1 {[%emt 0:02:20]} Ra7 {[%emt 0:01:41]} 29. Rb2 {[%emt 0:01:05]} Rb7 {[%emt 0:00:00]} 30. Nd1 {[%emt 0:00:00]} Qg6 {[%emt 0:00:00]} 31. Rg2 {[%emt 0:03:23]} Qh6 {[%emt 0:00:00]} 32. Nf2 {[%emt 0:00:00]} Bc8 {[%emt 0:00:00]} 33. a3 {[%emt 0:00:51]} b4 {[%emt 0:00:00]} 34. a4 {[%emt 0:00:00]} Rbf7 {[%emt 0:01:18]} 35. h4 {[%emt 0:00:00]} hxg4 {[%emt 0:00:00]} 36. hxg5 {[%emt 0:00:00]} Qxg5 {[%emt 0:00:00]} 37. Nxg4 {[%emt 0:00:00]} Nxg4 {[%emt 0:00:00]} 38. fxg4 {[%emt 0:00:00]} f3 {[%emt 0:00:00]} 39. Bxf3 {[%emt 0:00:40]} Rxf3 {[%emt 0:00:00]} 40. Nxf3 {[%emt 0:00:00]} Rxf3 {[%emt 0:00:00]} 41. Qd2 {[%emt 0:00:00]} Qh4 {[%emt 0:00:00]} 42. Qe2 {[%emt 0:01:21]} Bxg4 {[%emt 0:00:00]} 43. Qd2 {[%emt 0:02:01]} Rf1+ {[%emt 0:00:00]} 44. Rg1 {[%emt 0:00:18]} Bf3+ {[%emt 0:00:00]} 0-1

[Event "Catalan Youth-ch 2020"]
[Site "Salou"]
[Date "2020.09.08"]
[Round "6.1"]
[White "Garcia Escoda, Marc"]
[Black "Castillo Dalmau, Albert"]
[Result "0-1"]
[WhiteElo "2054"]
[BlackElo "2204"]
[Annotator "TA"]
[PlyCount "168"]
[EventDate "2020.09.07"]
[EventType "swiss"]
[EventCountry "ESP"]
[SourceTitle "playchess.com"]
[Source "ChessBase"]
[SourceQuality "1"]

{[%evp 13,168,15,33,0,23,24,29,4,9,-29,-31,-36,-14,-15,-16,-15,-14,-25,-14,-19,-16,-25,-22,-25,0,-49,0,-3,-6,-6,0,0,-4,-4,-3,-10,0,-8,-2,-27,-33,-40,-37,-35,-17,-22,-20,-41,-28,-53,-45,-53,-53,-53,-52,-52,-52,-52,-50,-75,-60,-89,-88,-94,-94,-101,-90,-118,-118,-128,-131,-176,-128,-126,-116,-123,-76,-126,-123,-117,-117,-241,-241,-303,-303,-302,-117,-241,-224,-244,-3,-239,-154,-147,-105,-105,-70,-104,-70,-101,-100,-141,-77,-70,-70,-136,-117,-117,-80,-80,-80,-96,-108,-114,-73,-274,-264,-248,-114,-548,-493,-575,-2037,-2177,-8,-8,0,-2176,-1868,-5061,-4698,-5554,-1085,-1274,0,-1093,-701,-443,-443,-7100,-6077,-6033,0,-4912,-3514,-2395,-3653,-1406,-1920,-1302,-331,-5061,-3433,-29978,-29980,-29991,-29992]} 1. e4 c5 2. Nf3 e6 3. c4 Nc6 4. Nc3 Nf6 5. Be2 d5 6. exd5 exd5 7. d4 Be6 8. Bg5 {A34: Symmetrical English: 2 Nc3, lines with ...d5.} (8. cxd5 {seems wilder.} Bxd5 9. O-O cxd4 10. Nxd4 Bxg2 11. Re1) 8... cxd4 (8... Be7 {looks sharper.} 9. Qa4 O-O 10. dxc5 d4 11. Rd1 Bxc5 12. O-O Re8) 9. Nxd4 Nxd4 10. Qxd4 {White has an edge.} dxc4 11. O-O-O Qxd4 12. Rxd4 Rc8 13. Rhd1 Bc5 14. Bxf6 gxf6 15. Rf4 {[#]} f5 $146 ({Predecessor:} 15... Rg8 16. g3 Rg5 17. Rxf6 Bf8 18. Rf3 Re5 19. Kb1 Bh6 20. Rf6 Bg7 21. Rf4 b5 {1-0 (29) Rausis,I (2495)-Berend,F (2425) France 1997}) 16. Kc2 Be7 17. Bf3 b6 18. Nb5 a6 19. Nd4 Rc5 20. Bc6+ Kf8 21. Nxe6+ fxe6 22. Bd7 Re5 (22... Bg5 $5 23. Rfd4 $8 Re5 $11) 23. Rxc4 Kf7 24. Rc7 Rg8 25. Bc6 Kf6 26. Bf3 (26. Kb3 {with more complications.} Rg7 27. Rdd7 Re2 28. f4 a5 29. Rb7) 26... Rc5+ 27. Rxc5 Bxc5 $15 {[%mdl 4096] Endgame KRB-KRB} 28. Rd2 Rc8 {Strongly threatening ...Bb4+.} 29. Kb3 Rc7 30. Ba8 h5 31. f3 h4 32. g3 Rg7 33. gxh4 Rh7 34. h5 Rxh5 35. Bb7 a5 36. Re2 Bg1 37. Bc8 e5 38. Kc4 Bxh2 39. Kd5 Rh4 40. Bb7 Bg1 41. Rg2 Bc5 42. Rd2 Rh8 {Threatens to win with ...Rd8+.} 43. Kc4 Kg5 44. a3 Kf4 45. b4 axb4 46. axb4 Bd4 $1 47. b5 (47. Bc6 $17 {might work better.}) 47... Rh1 $19 48. Rc2 Rd1 49. Bc6 Bc5 $2 (49... Ke3 $19 {And now ...e4 would win.} 50. Rh2 Rc1+ 51. Kd5 Kxf3 52. Ke6+ Kg4 53. Rg2+ Kf4) 50. Rc3 (50. Rh2 $17 {is the only way for White.}) 50... Rd2 51. Rc1 Ke3 $2 ({Black should try} 51... Bd4 $19 {Hoping for ...e4.} 52. Rh1 Rc2+ 53. Kb4 Ke3) 52. Rh1 $2 (52. Re1+ $11 {and White has nothing to worry.} Kf4 53. Rh1) 52... Rd4+ 53. Kc3 Rd6 54. Rh5 Rf6 55. Rh4 Kf2 56. Kc4 Rd6 57. Bd5 Ke3 (57... e4 $142 58. fxe4 Kg3) 58. Rh5 $17 Kf4 59. Rh4+ ({Better is} 59. Rh7 $15) 59... Kg5 60. Rh8 Rd7 61. Re8 Kf4 62. Rh8 Ra7 63. Bc6 Ra4+ 64. Kd3 $2 {[#]} (64. Kd5 $17 {was forced.} Rd4+ 65. Ke6) 64... Ra3+ $1 $19 65. Ke2 {[#]} Re3+ (65... Ra2+ $1 $19 66. Kf1 Ke3) 66. Kd2 $2 {[%mdl 8192]} (66. Kd1 $17) 66... Rxf3 67. Bxf3 Kxf3 {KR-KB} 68. Rh3+ Kg4 $2 (68... Ke4 $19 69. Ke2 f4) 69. Rh6 $11 Kf3 $2 {[%mdl 8192]} (69... f4 $11) 70. Rh3+ $1 $19 {White is now going downhill.} Ke4 71. Rd3 f4 72. Ke2 Bd4 (72... Be3 $142 73. Ra3 f3+ 74. Ke1 Bc5) 73. Rb3 Bc5 74. Rd3 $1 Be3 75. Rd8 f3+ 76. Ke1 Bd4 77. Kd2 Be3+ 78. Ke1 Bc5 79. Rd7 Ke3 80. Rd8 Bd4 81. Rd7 Kd3 82. Rc7 e4 {( -> ...e3)} 83. Re7 e3 84. Rf7 Bc3+ {Accuracy: White = 59%, Black = 66%.} 0-1

[Event "Catalan Youth-ch 2020"]
[Site "Salou"]
[Date "2020.09.08"]
[Round "6.1"]
[White "Ribera Veganzones, Serni"]
[Black "Bernado Lopez, Roger"]
[Result "1/2-1/2"]
[WhiteElo "1902"]
[BlackElo "2155"]
[Annotator "TA"]
[PlyCount "29"]
[EventDate "2020.09.07"]
[EventType "swiss"]
[EventCountry "ESP"]
[SourceTitle "playchess.com"]
[Source "ChessBase"]
[SourceQuality "1"]

{[%evp 11,29,-15,-3,13,4,-18,0,8,10,1,10,12,19,7,17,0,30,16,23,24]} 1. e4 e5 2. Nf3 Nc6 3. d4 exd4 4. Bc4 Nf6 5. e5 Ne4 6. O-O d5 {6...Be7 injects fresh life into this line.} 7. exd6 {C56: Two Knights: 4 d4 exd4 5 0-0 Nxe4.} Nxd6 8. Bb3 Be7 9. Nxd4 {The position is equal.} Nxd4 10. Qxd4 O-O 11. Nc3 {[#]} Nf5 $146 ({Predecessor:} 11... Bf6 12. Qf4 Re8 13. Nd5 Be5 14. Qg5 Qd7 15. Bf4 h6 16. Qh5 Bxf4 17. Nxf4 Qg4 18. Qxg4 Bxg4 {½-½ (60) Doros,R (2338)-Miron,L (2506) Arad 2011}) 12. Qxd8 Rxd8 13. Bf4 Bd6 14. Rad1 Be6 15. Bxe6 {An uneventful encounter.} 1/2-1/2

[Event "Catalan Youth-ch 2020"]
[Site "Salou"]
[Date "2020.09.08"]
[Round "6.2"]
[White "Sole Pijuan, Ferran"]
[Black "Saguillo Gonzalez, Oriol"]
[Result "1-0"]
[WhiteElo "2127"]
[BlackElo "2124"]
[Annotator "TA"]
[PlyCount "96"]
[EventDate "2020.09.07"]
[EventType "swiss"]
[EventCountry "ESP"]
[SourceTitle "playchess.com"]
[Source "ChessBase"]
[SourceQuality "1"]

{[%evp 9,96,0,0,-2,-2,-2,0,1,0,-3,-10,-16,-14,-15,0,-55,-65,-80,-66,-121,10,0,0,-26,0,-18,-21,-6,68,66,195,201,191,185,216,221,213,222,184,184,167,125,106,100,120,129,112,102,261,260,235,143,106,61,183,162,615,23,114,108,447,447,2072,1814,1646,1603,4132,1444,1227,1068,2167,1921,29956,29954,6079,6079,29969,29970,29970,29970,29971,29971,29972,29973,29973,29974,29974,29975,5106]} 1. d4 Nf6 2. c4 e6 3. Nc3 Bb4 4. e3 O-O 5. Nge2 c6 6. a3 {E46: Nimzo-Indian: Rubinstein: 4 e3 0-0 5 Ne2 without early Bd3.} Ba5 7. b4 Bc7 8. e4 {The position is equal.} d5 9. e5 Ne8 10. c5 f6 11. f4 a5 {[#]} 12. b5 $146 (12. Be3 $11) ({Predecessor:} 12. Be3 b6 13. g3 Nd7 14. Bh3 Qe7 15. O-O Ba6 16. Qc2 Bc4 17. Na4 f5 18. Nb2 {½-½ (100) Kotanjian,T (2545)-Rausis,I (2581) Beirut 2014}) 12... b6 $15 13. exf6 Nxf6 14. a4 (14. cxb6 $15 Bxb6 15. Ng3) 14... g5 (14... bxc5 $1 $17 15. dxc5 Qe7) 15. g3 $36 {[%mdl 2048] White has the initiative.} ({Much worse is} 15. fxg5 Ng4 $15) 15... bxc5 16. dxc5 gxf4 17. Bxf4 Bxf4 18. gxf4 Nh5 ({Black should play} 18... Kh8 $11) 19. Rg1+ $14 Kf7 (19... Kh8 $1 $14) 20. Qd3 $18 Qh4+ 21. Kd1 Nxf4 22. Nxf4 Qxf4 23. Qxh7+ Ke8 24. Bd3 $1 {Threatens to win with Rf1.} Nd7 25. bxc6 Nf6 26. Qg6+ Ke7 27. Qg3 Qxg3 28. Rxg3 Ne4 $2 (28... Nh5 $16) 29. Nxe4 dxe4 30. Be2 Ba6 31. Rb1 {Hoping for Bxa6.} Rfd8+ ({Black should try} 31... Rad8+ $1 $14 32. Ke1 Bxe2 33. Kxe2 Rd5) 32. Ke1 Rd5 $2 (32... Bxe2 33. Kxe2 Rac8) 33. Rg6 $2 (33. c7 $18 Rxc5 34. Rb8 Rc1+ 35. Kd2) 33... Kf7 {[#]} (33... Rxc5 $11 {remains equal.} 34. c7 e3) 34. Rh6 $1 $16 {Bxa6 is the strong threat. White leaves nothing to chance now.} Kg7 $2 {[%mdl 8192]} (34... Bxe2 $16 35. Rb7+ (35. Kxe2 Rc8 $16) 35... Kg8) 35. Rxe6 $18 Bc8 {[#]} (35... Bxe2 $142 36. Rb7+ Kf8) 36. Rb7+ $1 Bxb7 37. cxb7 {[%mdl 4096] Endgame KRR-KRB} Rh8 38. Rc6 (38. c6 $142 Rc5 39. Re7+ Kf6 40. c7) 38... Rd7 39. Ba6 Rb8 40. Rc8 Rdxb7 41. Bxb7 Rxb7 {[#] KR-KR} 42. c6 $1 {[%cal Rc6b7]} Rb4 43. c7 {White mates.} Rc4 44. Ke2 Kh7 45. Ke3 Kg7 46. h4 Kh7 47. h5 Kg7 {[#]} 48. h6+ $1 {[%mdl 512]} Kh7 {Accuracy: White = 72%, Black = 41%.} (48... Kxh6 49. Rh8+) 1-0

[Event "Catalan Youth-ch 2020"]
[Site "Salou"]
[Date "2020.09.08"]
[Round "6.3"]
[White "Masague Artero, Guerau"]
[Black "Alvarez Albiol, Victor"]
[Result "0-1"]
[WhiteElo "2320"]
[BlackElo "2123"]
[Annotator "TA"]
[PlyCount "146"]
[EventDate "2020.09.07"]
[EventType "swiss"]
[EventCountry "ESP"]
[SourceTitle "playchess.com"]
[Source "ChessBase"]
[SourceQuality "1"]

{[%evp 17,146,37,37,40,49,45,35,38,27,4,37,8,54,0,0,0,0,0,0,0,0,0,8,-16,-20,-56,-39,-56,-21,-45,-34,-50,-11,-196,161,29,28,-73,-66,-81,-26,-195,-41,-198,-200,-166,-100,-105,-96,-98,-81,-80,-69,-179,-179,-179,-179,-210,-200,-210,-215,-203,-100,-268,-250,-355,-253,-252,-231,-295,-343,-322,-323,-336,-339,-341,-342,-346,-352,-402,-398,-396,-375,-1157,-716,-1124,-841,-649,-864,-837,-885,-777,-780,-828,-819,-719,-481,-485,-449,-892,-835,-764,-812,-988,-984,-901,-879,-838,0,-1281,-1167,-2904,-3018,-2689,-2707,-3505,-3460,-3466,-3347,-2849,-2415,-29984,-29985,-29985,-29986,-29986,-29986,-29985,-29986,-29989,-29990]} 1. d4 Nf6 2. Nf3 g6 3. c4 Bg7 4. Nc3 d6 5. Bg5 O-O 6. e3 h6 7. Bh4 c5 8. Be2 Nc6 9. d5 Na5 10. O-O {E61: King's Indian: Early deviations for White, including Smyslov System.} g5 11. Bg3 Nh5 12. Nd2 {White is slightly better.} Nxg3 13. hxg3 {[#]} Bf5 $146 (13... Bxc3 $5 14. bxc3 e5 $14) ({Predecessor:} 13... e6 14. Qc2 exd5 15. Nxd5 Be6 16. Rad1 Nc6 17. Ne4 Bxd5 18. cxd5 Ne7 19. f4 f5 20. fxg5 hxg5 21. Nxg5 {½-½ (48) Cruz,R-Bolbochan,J Buenos Aires 1960}) 14. f4 gxf4 15. exf4 (15. gxf4 $14 e6 16. Rf3) 15... e6 $11 16. Bg4 Qf6 17. Bxf5 exf5 18. Rc1 Rae8 19. b3 Re3 20. Ne2 (20. Rf3 $5 {[%cal Rf3e3]} Rfe8 21. Rxe3 Rxe3 22. Ne2 $15) 20... Rfe8 21. Rf2 Qe7 {[%cal Re3e2]} 22. Kf1 a6 23. Nf3 b5 24. Nh4 Qf6 (24... Qe4 $5 {[%cal Rb5c4]} 25. Qc2 bxc4 26. bxc4 h5 $15) 25. Qd2 $2 (25. cxb5 $11 axb5 26. Qc2) 25... b4 $4 {[%mdl 8192]} (25... bxc4 $1 $19 {and life is good for Black.} 26. Qxa5 Qb2 {[%mdl 64] Double Attack}) 26. Re1 (26. Qc2 $1 $18) 26... Nb7 27. Nf3 (27. Qc2 $11) 27... Qg6 $17 28. Qc2 {[#] and if Nh4 works, White does fine.} Qg4 (28... Bd4 $1 $17 {[%mdl 512]}) 29. Nc1 $2 (29. Neg1 $1 $11 {and White is okay.}) 29... Rxe1+ $19 30. Nxe1 Qh5 {[%cal Rh5h1]} ({Less strong is} 30... Qxg3 31. Ne2 $15) 31. Nf3 Bd4 (31... Qh1+ $19 32. Ng1 Re4) 32. Nh4 $17 Bxf2 $40 {[%mdl 128] Black wants a kill.} 33. Kxf2 Re4 34. Nd3 Qg4 35. Nb2 {[#]} (35. Ne1 $15) 35... Rxf4+ $1 $19 {[%mdl 576] Deflection} 36. gxf4 {Strongly threatening g3.} Qxh4+ 37. Ke2 Qg4+ 38. Kf2 Qxf4+ 39. Kg1 Qe4 (39... a5 $19 {is more deadly.} 40. Qf2 Qe4) 40. Qc1 $2 (40. Qxe4 $17 fxe4 41. Kf2) 40... Kg7 41. Nd1 (41. Qf1 {keeps fighting.}) 41... Nd8 42. Nf2 Qd4 43. Qc2 Qa1+ 44. Kh2 Qe5+ 45. Kg1 f6 46. Nd3 Qe4 47. Qd2 Qd4+ 48. Kf1 Nf7 {Threatens to win with ...Ne5.} 49. Qe2 Qe4 50. g3 $2 (50. Ne1) 50... Qh1+ 51. Kf2 Qh2+ 52. Kf1 Qxg3 53. Qg2 Qxg2+ 54. Kxg2 {[%mdl 4096] Endgame KN-KN} Kg6 55. Nf4+ Kg5 56. Kg3 Ne5 57. Ne6+ Kg6 58. Nc7 (58. Nf4+ $142 Kf7 59. Ng2) 58... h5 59. Ne6 a5 60. Nf4+ Kh6 61. Ne6 Ng6 62. Nc7 Ne5 $2 ({Better is} 62... f4+ $19 63. Kf3 h4) 63. Ne8 $2 {[%mdl 8192]} (63. Ne6 $11 a4 64. bxa4) 63... Nf7 64. Nxf6 Kg6 65. Ne8 Kg5 66. Ng7 f4+ 67. Kf3 Ne5+ 68. Ke4 f3 {( -> ...f2)} 69. Ke3 h4 {Black mates.} 70. Ne8 h3 71. Nxd6 h2 72. Ne4+ Kh4 73. Nf2 Ng4+ {Accuracy: White = 49%, Black = 73%.} 0-1

[Event "Catalan Youth-ch 2020"]
[Site "Salou"]
[Date "2020.09.08"]
[Round "6.3"]
[White "Lobo Pereira, Arami"]
[Black "Parra Ordorica, Arnau"]
[Result "0-1"]
[WhiteElo "1788"]
[BlackElo "1808"]
[Annotator "NA RC"]
[PlyCount "118"]
[EventDate "2020.09.07"]
[EventType "swiss"]
[EventCountry "ESP"]
[SourceTitle "playchess.com"]
[Source "ChessBase"]
[SourceQuality "1"]
[TimeControl "5400+30"]

{[%evp 15,105,0,0,0,32767,32767,32767,32767,0,0,32767,-17,0,-63,-8,-20,10,2,13,4,14,4,22,18,57,0,0,-6,13,-69,-47,-64,-56,-62,-26,-18,-9,-40,14,0,27,0,0,-41,32767,32767,32767,32767,32767,32767,32767,32767,32767,32767,32767,32767,32767,-234,-174,-185,-168,-182,-12,-26,-24,-17,-25,-71,-63,-132,-143,-144,-132,-252,-312,-739,-983,-921,-645,-463,-313,-595,-270,-596,-979,-1429,-1822,-4132,-12840,-4606,-12843,-2182]} 1. d4 {[%emt 0:00:00]} d5 {[%emt 0:00:00]} 2. c4 {[%emt 0:00:59]} c6 {[%emt 0:00:25]} 3. Nc3 {[%emt 0:00:40]} Nf6 {[%emt 0:00:26]} 4. cxd5 {[%emt 0:01:53]} cxd5 {[%emt 0:00:09]} 5. Bf4 {[%emt 0:01:01]} Nc6 {[%emt 0:01:21]} 6. e3 {[%emt 0:00:34]} a6 {[%emt 0:02:23]} 7. a3 {[%emt 0:02:50]} Bf5 {[%emt 0:00:37]} 8. Bd3 {[%emt 0:03:20]} Bxd3 {[%emt 0:00:29]} 9. Qxd3 {[%emt 0:00:07]} e6 {[%emt 0:00:20]} 10. Rc1 {[%emt 0:02:19]} Be7 {[%emt 0:02:58]} 11. Nf3 {[%emt 0:01:12]} Rc8 {[%emt 0:04:05]} 12. O-O {[%emt 0:02:10]} O-O {[%emt 0:00:17]} 13. Na4 {[%emt 0:10:00] D13: Slav Defence: Exchange variation without ...Bf5.} Ne4 {[%emt 0:04:40] [#]} 14. Nc5 $146 {[%emt 0:02:32]} ({White should try Predecessor:} 14. Nd2 $11 Nxd2 15. Qxd2 Qa5 16. Qxa5 Nxa5 17. Nb6 Rc6 18. Rxc6 Nxc6 19. Rc1 f6 20. Bg3 g5 {½-½ (102) Ananya,R (1395)-Xu,Y (1803) Durban 2014}) 14... Nxc5 {[%emt 0:01:52]} (14... Bxc5 $15 15. dxc5 Qe7) 15. dxc5 {[%emt 0:00:13]} Bf6 {[%emt 0:00:12]} 16. Bd6 {[%emt 0:01:22]} Be7 {[%emt 0:00:53]} 17. Bxe7 {[%emt 0:00:35]} Qxe7 {[%emt 0:01:10]} 18. Rfd1 {[%emt 0:06:22]} Rfd8 {[%emt 0:05:32]} 19. b4 {[%emt 0:05:41]} e5 {[%emt 0:03:50]} 20. Qf5 {[%emt 0:03:42]} g6 {[%emt 0:03:57]} 21. Qg4 {[%emt 0:06:59]} f5 {[%emt 0:08:22]} 22. Qh4 {[%emt 0:01:05]} (22. Qg3 $11) 22... Qxh4 {[%emt 0:01:29]} 23. Nxh4 {[%emt 0:00:03]} e4 {[%emt 0:12:36]} 24. g3 {[%emt 0:12:21]} Ne5 {[%emt 0:03:22]} 25. Ng2 {[%emt 0:03:54]} g5 {[%emt 0:02:19]} 26. Kf1 {[%emt 0:04:47]} Nd3 {[%emt 0:05:07]} 27. Rc2 {[%emt 0:06:32]} Rd7 {[%emt 0:00:54]} 28. Ne1 {[%emt 0:00:00]} Ne5 {[%emt 0:01:18]} 29. Rd4 {[%emt 0:00:00]} Kf7 {[%emt 0:02:40]} 30. Ke2 {[%emt 0:01:03]} Rcd8 {[%emt 0:03:28]} 31. Rb2 {[%emt 0:00:00]} h6 {[%emt 0:00:00]} 32. Rb1 {[%emt 0:01:03]} Nc6 {[%emt 0:00:00]} 33. Rd2 {[%emt 0:01:20]} d4 {[%emt 0:00:00]} 34. exd4 {[%emt 0:00:48]} Nxd4+ {[%emt 0:00:00]} 35. Kd1 {[%emt 0:01:10]} Ke6 {[%emt 0:03:03]} 36. Rbb2 {[%emt 0:01:40]} Nb5 {[%emt 0:00:00]} 37. a4 {[%emt 0:03:10]} Nc3+ {[%emt 0:00:00]} 38. Kc1 {[%emt 0:01:41]} a5 {[%emt 0:00:09]} ({Black should try} 38... Ke5 $19 39. a5 Rd4) 39. bxa5 {[%emt 0:00:00]} Nxa4 {[%emt 0:01:23]} 40. Rxd7 {[%emt 0:00:25]} Rxd7 {[%emt 0:07:06]} 41. Rb5 {[%emt 0:01:29]} Rc7 {[%emt 0:01:25]} 42. Nc2 {[%emt 0:02:22]} (42. Kd2 $15) 42... Nxc5 {[%emt 0:04:00]} 43. Nd4+ {[%emt 0:08:40]} Ke5 {[%emt 0:00:00]} 44. Nb3 {[%emt 0:00:18] [#]} (44. Nc2 $17 {is the only way for White.}) 44... Kd5 $1 {[%emt 0:00:00]} 45. Kb2 $2 {[%emt 0:01:22]} (45. Nd2 Kd4 46. Rb4+ Kd3 47. Kd1) 45... Kc4 {[%emt 0:00:00]} 46. Rb6 {[%emt 0:01:05]} Nxb3 {[%emt 0:00:00]} 47. Rxb3 {[%emt 0:00:09]} Rd7 {[%emt 0:00:00]} 48. Rb6 $2 {[%emt 0:03:00]} (48. Rc3+ Kb4 49. Kc2) 48... Rd2+ {[%emt 0:00:00]} (48... Kd3 $142 49. Kc1 Ke2) 49. Kc1 $2 {[%emt 0:00:00]} (49. Ka3 {nothing else works.} Rd1 50. Kb2) 49... Rxf2 {[%emt 0:00:00]} 50. Rxh6 {[%emt 0:00:00]} f4 {[%emt 0:00:00]} 51. gxf4 {[%emt 0:00:00]} gxf4 {[%emt 0:00:00]} 52. Kd1 {[%emt 0:00:31]} Kd3 $19 {[%emt 0:00:27]} 53. Rd6+ {[%emt 0:00:34]} Ke3 {[%emt 0:00:11]} 54. Rb6 {[%emt 0:00:14]} Rxh2 {[%emt 0:00:44]} 55. Rxb7 {[%emt 0:00:11]} Ra2 {[%emt 0:00:21]} 56. Rb3+ {[%emt 0:00:19]} Kf2 {[%emt 0:00:05]} 57. a6 {[%emt 0:00:13]} e3 {[%emt 0:00:34]} 58. Kc1 {[%emt 0:01:01]} e2 {[%emt 0:00:24]} 59. Rb2 {[%emt 0:00:15]} Rxb2 {[%emt 0:00:25]} 0-1